| 000 | 00732nam a2200229Ia 4500 | ||
|---|---|---|---|
| 001 | 8973 | ||
| 003 | GE_BSU | ||
| 008 | 181216s||||||||xx |||||||||||||| ||und|| | ||
| 040 | _cGE_BSU | ||
| 080 | _a821.353.1–2 | ||
| 100 | _aკიკვაძე,ნ. | ||
| 245 | _aსაიდუმლო სოფელი. | ||
| 245 | _bპიესა | ||
| 245 | _cრედ.ე.ქარელიშვილი,მხატვ.დ.შენგელია | ||
| 260 | _aთბილისი | ||
| 260 | _bსაქ–ს თეატრ. საზოგადოება | ||
| 260 | _c1975 | ||
| 300 | _a127გვ.19სმ. | ||
| 653 | _aპიესა | ||
| 653 | _aსაიდუმლო სოფელი. | ||
| 942 | _cBK | ||
| 999 |
_c42278 _d42278 |
||